[Event "EYCC Open U20 2021"]
[Site "Tornelo"]
[Date "2021.10.15"]
[Round "7.3"]
[White "Pantzar, Milton"]
[Black "Ben Ari, Yannay"]
[Result "1-0"]
[WhiteElo "2413"]
[BlackElo "2416"]
[Annotator "TA"]
[PlyCount "55"]
[EventDate "2021.10.15"]
[EventType "swiss"]
[EventCountry "NET"]
[SourceTitle "playchess.com"]
[Source "ChessBase"]
[SourceQuality "1"]

{[%evp 9,55,0,20,0,0,0,0,4,28,-8,33,-9,41,6,39,27,35,42,145,140,270,275,308,301,280,164,254,272,288,161,162,168,170,165,268,195,328,322,316,304,725,720,812,814,29981,29982,29978,29978]} 1. d4 d5 2. c4 c6 3. Nc3 Nf6 4. e3 e6 5. Bd3 Nbd7 6. cxd5 {D31: Queen's Gambit Declined: Semi-Slav without ...Nf6 (+ Marshall Gambit and Noteboom) and Exchange Variation lines without ...Nf6.} exd5 7. f3 c5 8. Nge2 {The position is equal.} Bd6 9. O-O {[#]} a6 $146 ({Predecessor:} 9... O-O 10. Nf4 Bxf4 11. exf4 cxd4 12. Ne2 Nc5 13. Nxd4 Nxd3 14. Qxd3 Qb6 15. Be3 Bd7 {1-0 (52) Shabalov,A (2570)-Mulyar,M (2397) Forth Worth 2017}) 10. g4 Nb6 11. Qe1 g6 12. a4 {[%cal Ba2a4,Ba4a5][%mdl 32]} Be6 13. Nf4 Qc7 {Black is on the road to losing.} (13... O-O $14) 14. Qh4 $16 Be7 (14... Qe7 $16) 15. a5 $18 Nc8 16. g5 Nh5 17. Ncxd5 (17. Nxh5 $142 gxh5 18. f4) 17... Bxd5 (17... Qd7 {keeps fighting.}) 18. Nxd5 Qd7 19. Nxe7 (19. Bc4 $142) 19... Nxe7 20. b4 cxb4 21. Bd2 Nd5 (21... O-O $142 22. Bxb4 Rfd8) 22. Qe4+ Qe6 (22... Kd8 $142) 23. Rac1 O-O 24. Rc5 Rfd8 (24... Nc3 25. Bxc3 bxc3 26. Qxe6 (26. Rxc3 Qa2 $14) 26... fxe6 27. Rxc3 Ng7) 25. Bc4 Qh3 26. Rxd5 Ng3 27. Rxd8+ {[%mdl 64] [#] Discovered Attack} Rxd8 28. Qe7 {[%mdl 64] Double Attack.  Weighted Error Value: White=0.16/Black=0.84} 1-0

[Event "EYCC Open U20 2021"]
[Site "Tornelo"]
[Date "2021.10.15"]
[Round "7.4"]
[White "Sokolovsky, Yahli"]
[Black "Kirilmaz, Emre"]
[Result "0-1"]
[WhiteElo "2422"]
[BlackElo "2147"]
[Annotator "TA"]
[PlyCount "82"]
[EventDate "2021.10.15"]
[EventType "swiss"]
[EventCountry "NET"]
[SourceTitle "playchess.com"]
[Source "ChessBase"]
[SourceQuality "1"]

{[%evp 9,82,37,79,73,46,80,214,195,212,200,332,329,334,327,478,258,236,106,128,108,148,70,423,414,403,343,1104,1104,1066,1066,898,375,337,325,294,148,157,118,144,0,116,89,89,75,104,98,182,162,207,209,182,170,184,0,138,74,177,30,54,0,172,8,8,-89,-51,-102,-92,-92,-91,-104,-43,-595,-586,-583,-572]} 1. e4 c6 2. Nf3 d5 3. Nc3 Bg4 4. d4 dxe4 5. Nxe4 Bxf3 6. Qxf3 {B11: Caro-Kann: Two Knights Variation.} Qxd4 7. Be3 Qb4+ {[#]} (7... Qxb2 $16 8. Bc4 Nf6) 8. c3 $146 {White is clearly better.} ({Predecessor:} 8. Nd2 Nf6 9. Bc4 e6 10. O-O Be7 11. a3 Qd6 12. Rad1 Qc7 13. Bf4 Qb6 14. Nb3 {½-½ (48) Roemer,A (1500)-Klemens,P (1640) Playchess.com INT 2020}) 8... Qxb2 9. Rd1 Nf6 (9... Qxa2 {was called for.} 10. Qg4 Qe6 11. Qxe6 fxe6) 10. Bc4 {Strongly threatening 0-0.} Nbd7 11. O-O {Threatens to win with Rxd7!} Qc2 (11... e6 $142 12. Rb1 Qc2 13. Nxf6+ Nxf6) 12. Nxf6+ $40 {[%mdl 128] White is out for blood.} (12. Rd4 $142) 12... gxf6 {[#]} 13. Bxf7+ $1 {[%mdl 512]} Kxf7 $16 14. Rxd7 Qxa2 15. Re1 (15. Rxb7 Qd5 $14) ({White should try} 15. Qh5+ $16 Kg8 16. Rfd1 (16. Rxb7 Qd5 $16)) 15... h5 $2 {[%mdl 8192]} (15... Rg8 $1 $14) 16. Bg5 $1 $18 {Threatening mate with Rexe7+!} Rh7 {...Kg8 would now be nice for Black.} 17. Bxf6 Ke8 $2 (17... Qc2 18. Bd4+ Ke8) 18. Rxb7 Qd5 19. Qg3 Qf5 {[#]} 20. Qd6 (20. Qg8 $142 $1 Qxf6 21. Qxh7) 20... Kf7 21. Bxe7 {Re5 would kill now.} Kg8 22. Rb8 ({Better is} 22. Re5 $18 Bxe7 23. Rbxe7 (23. Rxf5 Bxd6 24. Rxh7 Rb8 $17) 23... Rxe7 24. Qxe7 (24. Rxf5 $2 Re1#) 24... Qb1+ 25. Re1) 22... Rxb8 $16 23. Qxb8 {Hoping for Bxf8.} Rf7 24. Qg3+ (24. Bh4 $1 $16) 24... Bg7 (24... Rg7 $1 $11 25. Qb8 Rf7) 25. Bd6 (25. Bg5 {keeps more tension.} Rb7 26. Qe3 Bf8 27. h4 Bc5 28. Qe8+) 25... Kh7 26. h3 Bf6 27. Qe3 Qg6 (27... a5 $16) 28. Bb4 Bd8 29. Bc5 a5 30. Qd4 Bf6 31. Qe3 (31. Qc4 $18) 31... Qf5 (31... Bd8 $1 $11 {keeps the balance.}) 32. Rd1 (32. Ra1 $142) 32... a4 (32... Rd7 $16 33. Rxd7+ Qxd7 34. Qe4+ Kg7) 33. c4 (33. Ra1 $1 $18) 33... Rb7 $11 34. Bb6 ({White should play} 34. Ba3 $14) 34... Bg5 $2 (34... Bg7 $11 {and Black has nothing to worry.}) 35. Qd4 $2 (35. Qe8 $1 $18 {[%cal Re8h5]} Qg6 36. Rd7+ Rxd7 37. Qxd7+ Qg7 38. Qf5+ (38. Qxc6 a3 $11) 38... Qg6 39. Qd7+ Qg7 40. Qd1 (40. Qxc6 a3 $11)) 35... a3 {[%cal Ba4a3,Ba3a2][%mdl 32] [#] White must now prevent ...Bf6.} 36. c5 (36. Qd6 $1 $11 a2 37. Qxc6) 36... Rf7 (36... Bf6 {looks sharper.} 37. Qc4 Rg7 38. f4 Bb2 39. Ba5 Ra7) 37. Qd3 (37. Ba5 $1 $15) 37... Qxd3 $17 38. Rxd3 Bc1 {...a2 is the strong threat.} 39. Rd4 {[#]} Re7 (39... Rf4 $1 $17 {[%cal Rf4d4]} 40. Rd7+ Kg6) 40. Kf1 $2 {[%mdl 8192] [#]} (40. Ra4 $15) 40... a2 $1 $19 {( -> ...Bd2!)} 41. Ra4 Bd2 {[%csl Gd2][%cal Re7e1] Weighted Error Value: White=0.75/Black=0.60} 0-1

[Event "EYCC Open U20 2021"]
[Site "Tornelo"]
[Date "2021.10.15"]
[Round "7.5"]
[White "Rozen, Eytan"]
[Black "Bruaset, Eivind"]
[Result "0-1"]
[WhiteElo "2386"]
[BlackElo "2200"]
[Annotator "TA"]
[PlyCount "128"]
[EventDate "2021.10.15"]
[EventType "swiss"]
[EventCountry "NET"]
[SourceTitle "playchess.com"]
[Source "ChessBase"]
[SourceQuality "1"]

{[%evp 14,128,4,3,4,0,7,0,0,-12,27,29,28,29,24,28,45,29,31,22,32,0,50,52,124,124,143,143,143,130,128,136,136,123,118,30,30,30,30,22,31,16,21,22,5,-93,-94,-98,-98,-99,-52,-116,-108,-104,-104,-151,-128,-144,-120,-164,-157,-142,-108,-222,-209,-220,-211,-222,-127,-129,-134,-134,-126,-128,-126,-137,-125,-134,-8,-8,-8,-8,-8,-8,-8,-8,-8,-8,-8,-8,-8,-29973,-29974,-29974,-29975,-29977,-29978,-29978,-29977,-29977,-29978,-29978,-29979,-29978,-29979,-29979,-29980,-29980,-29980,-29980,-29981,-29981,-29982,-29981,-29982,-29981,-29981]} 1. e4 e6 2. d4 d5 3. Nc3 Bb4 4. Nge2 dxe4 5. a3 Bxc3+ 6. Nxc3 Nc6 7. d5 exd5 8. Qxd5 Be6 {C15: French: 3 Nc3 Bb4: Unusual White 4th moves.} 9. Qxe4 Nf6 10. Qh4 Qe7 {The position is equal.} 11. Be2 {[#]} Nd5 $146 ({Predecessor:} 11... O-O-O 12. Bg5 Bf5 13. O-O Bxc2 14. Rfe1 Qd7 15. Bb5 a6 16. Bxc6 Qxc6 17. Rac1 Rhe8 18. Rxe8 Rxe8 19. h3 Qd6 {½-½ (19) Sarvadh,S (2150)-Soham,D (2355) Schwaebisch Gmuend 2020}) 12. Bg5 f6 13. Bd2 O-O-O 14. O-O-O g5 15. Qg3 Nb6 16. Rhe1 Qf7 17. Nb5 Rd7 18. Bc3 Nd5 (18... Rhd8 $14) 19. Bc4 $1 $16 Kb8 {[#]} 20. Rxe6 $1 {[%mdl 512]} Qxe6 21. Rxd5 Rxd5 22. Qxc7+ Ka8 23. Qg7 {Black must now prevent Nc7+.} Rc8 {And now ...Ne7 would win.} 24. Nc7+ (24. Bxd5 $16 Qxd5 {[%mdl 64] Double Attack} 25. Nc7+ Rxc7 26. Qxc7) 24... Rxc7 $1 $11 25. Qxc7 Qd7 26. Qxd7 Rxd7 27. Bxf6 {[%mdl 4096] Endgame KRN-KB} h6 28. f3 Nd4 29. h4 (29. c3 $11 {keeps the balance.} Nf5 30. g3) 29... gxh4 $1 $17 30. Bxh4 {[#]} Nxf3 $1 31. Bf6 Nd4 (31... Ne1 {looks sharper.} 32. g3 Rc7 33. Bb3 Nd3+ 34. Kb1 Nf2) 32. b4 (32. Kd2 $15) 32... Nf5 33. Bd3 Ne3 34. g3 Ng4 $1 {[%cal Rg4f6]} 35. Bh4 Kb8 36. Bf5 Rg7 37. Kd2 Kc7 38. Ke2 (38. Kd3 $17) 38... Kd6 $19 39. Kf3 Ne5+ 40. Ke4 {[#] Threatens to win with Bf6.} Rg8 (40... Rc7 $1 $19 41. Ke3 Nc4+ 42. Kd3 Nxa3) 41. Bf6 Nd7 42. Bd4 Rxg3 43. Bxa7 Rxa3 44. Be3 Nf6+ 45. Kd4 Rxe3 46. Kxe3 $17 {KB-KN} Nd5+ 47. Kf3 Nxb4 48. Kg4 Kc5 49. Kh5 Kc4 50. Kxh6 Kc3 51. Kg7 Nxc2 52. Kh8 $2 {[%mdl 8192] [#]} (52. Bd7 $11) 52... b5 $1 {[%cal Bb7b5,Bb5b4,Bb4b3,Bb3b2][%mdl 32] Black mates.} 53. Be6 Ne3 54. Bd7 b4 55. Ba4 Kb2 56. Bd7 Nc4 57. Kg7 Kc3 58. Ba4 Nb2 59. Bd7 b3 60. Be6 Nc4 61. Bf5 Ne3 62. Be4 Nc2 63. Bd5 b2 64. Ba2 Kd2 {A wild game.  Weighted Error Value: White=0.23/Black=0.12} 0-1

[Event "EYCC Open U20 2021"]
[Site "Tornelo"]
[Date "2021.10.15"]
[Round "7.6"]
[White "Koelle, Tobias"]
[Black "Leisch, Lukas"]
[Result "1-0"]
[WhiteElo "2393"]
[BlackElo "2406"]
[Annotator "TA"]
[PlyCount "139"]
[EventDate "2021.10.15"]
[EventType "swiss"]
[EventCountry "NET"]
[SourceTitle "playchess.com"]
[Source "ChessBase"]
[SourceQuality "1"]

{[%evp 9,139,12,5,6,16,15,20,16,53,60,81,43,85,34,22,42,80,74,91,45,49,43,63,60,83,64,114,125,121,118,146,113,132,75,112,115,116,80,186,194,191,167,253,280,292,244,248,237,301,303,328,321,344,345,401,398,470,350,345,340,334,336,335,335,320,320,315,269,247,250,260,250,298,288,270,227,284,261,279,249,277,263,279,269,325,322,406,396,434,383,541,534,586,571,534,431,403,383,519,493,4990,4976,4237,4154,3975,4797,4620,4263,4807,4781,4133,2039,4300,586,2385,2183,1618,5614,6179,4646,5432,4629,29968,29969,29978,29979,29980,29981,29981,29981,29984,29985]} 1. d4 Nf6 2. Nf3 d5 3. Bg5 Ne4 4. Bh4 h5 5. h3 f6 6. Nfd2 $1 {D03: 1 d4 d5 2 Nf3 Nf6 3 Bg5, including Torre Attack with early ...d5.} g5 7. Nxe4 {[#]} gxh4 $146 ({Predecessor:} 7... dxe4 8. Bg3 Nc6 9. d5 Nb4 10. c4 c6 11. a3 Na6 12. Nc3 h4 13. Bh2 Bf5 14. e3 Qd7 15. Be2 O-O-O 16. b4 c5 17. b5 Nc7 18. Qa4 Kb8 19. b6 {1-0 (19) Finn,P (1959)-Gordon,S Chess.com INT 2021}) 8. Ned2 {The position is equal.} Nc6 9. e3 Bf5 10. Nf3 Qd6 11. c3 (11. Nxh4 $16 Be4 12. Nc3) 11... O-O-O 12. Nxh4 Be4 13. Nd2 f5 14. Nxe4 fxe4 15. Bb5 Qf6 16. g3 Rd6 17. Ng2 Nd8 18. Be2 Qf7 19. h4 Rb6 20. b3 e5 21. O-O (21. dxe5 $142 Bg7 22. Nf4 Bxe5 23. Rc1 (23. Nxd5 Rd6 $11)) 21... Bg7 22. Rc1 Rd6 23. Qc2 Rf8 (23... exd4 $16 24. cxd4 Kb8) 24. dxe5 $18 Bxe5 {[#]} 25. c4 $1 Rf6 (25... d4 $142) 26. cxd5 ({Not} 26. Nf4 Bxf4 27. exf4 Ne6 $14) 26... Qg6 27. Qc5 b6 28. Qc2 Rg8 29. d6 Bxd6 30. Rfd1 ({Weaker is} 30. Nf4 Bxf4 31. exf4 (31. Ba6+ Kb8 $16) 31... c6 $18) 30... c6 31. Rd5 Qf7 {[#]} 32. Bc4 $1 {Threatens to win with Rxd6!} Rxf2 (32... Qe8 33. Rd4) 33. Qxf2 Qxf2+ 34. Kxf2 Rf8+ 35. Nf4 cxd5 36. Bxd5+ Kd7 37. Bxe4 Ne6 38. Bf3 Nxf4 39. exf4 {[%mdl 4096] Endgame KRB-KRB} Rf5 40. Rc4 b5 41. Rd4 Ke6 {intending ...Bc5.} 42. Rd2 b4 43. Rc2 Ra5 44. Be4 Kf6 45. Rd2 Ke6 46. Bd3 Kf6 47. Bc4 Bc7 48. Kf3 Kf5 49. Re2 {Hoping for Re6.} Rc5 (49... Bb6 $142 50. Rd2 Kf6) 50. Re8 a5 51. Rg8 {And now Rg5+ would win.} Kf6 52. Rg5 Bb6 53. Ke4 Ba7 54. Re5 {Black must now prevent Re6+.} Rxe5+ (54... Rc7 $142 55. Rxh5 a4 56. Rh6+ Kg7) 55. fxe5+ {KB-KB} Kg6 56. Bb5 Kf7 57. Kf4 Bf2 58. Bc4+ Kg6 59. Be2 Bc5 60. Bb5 Kf7 61. Bc6 (61. g4 $142 hxg4 62. Kxg4) 61... Bf2 62. Bf3 Kg6 63. g4 hxg4 64. Kxg4 Bb6 65. h5+ Kh6 66. Kf5 {White mates.} Bd8 67. Ke6 Kg7 68. Kd7 Bg5 69. e6 Kf8 70. h6 {Weighted Error Value: White=0.15/Black=0.30} 1-0

[Event "EYCC Open U20 2021"]
[Site "Tornelo"]
[Date "2021.10.15"]
[Round "7.7"]
[White "Stoleriu, George"]
[Black "Melaugh, Shane"]
[Result "1-0"]
[WhiteElo "2373"]
[BlackElo "2175"]
[Annotator "TA"]
[PlyCount "73"]
[EventDate "2021.10.15"]
[EventType "swiss"]
[EventCountry "NET"]
[SourceTitle "playchess.com"]
[Source "ChessBase"]
[SourceQuality "1"]

{[%evp 11,73,25,30,26,39,46,45,41,45,40,38,20,41,29,55,50,146,142,145,147,158,151,155,147,231,197,203,207,214,221,229,220,311,316,307,298,297,310,537,517,573,564,622,528,560,559,554,546,632,624,745,717,1445,1377,2416,2534,1528,932,903,888,2307,2082,1862,1329]} 1. e4 c5 2. Nf3 Nc6 3. Bb5 g6 4. Bxc6 dxc6 5. d3 Bg7 6. h3 e5 7. a4 {B31: Sicilian: 2...Nc6 3 Bb5 g6.} Qc7 8. a5 Rb8 9. Be3 {White is slightly better.} b6 {[#]} 10. axb6 $146 ({Predecessor:} 10. Nbd2 Ne7 11. Nc4 O-O 12. O-O Be6 13. axb6 axb6 14. Nfd2 Ra8 15. f4 Bxc4 16. Nxc4 {1-0 (33) Komliakov,V (2435)-Salama,O (2172) Dos Hermanas 2004}) 10... axb6 11. Nbd2 {[%cal Bb1d2,Bd2c4,Bc4e5,Be5g4,Bg4h2][%mdl 32]} Ne7 12. Nc4 f5 13. Qe2 f4 {White leaves nothing to chance now.} (13... O-O $14) 14. Bd2 $16 Be6 {[#]} 15. Ncxe5 $1 {[%mdl 512]} O-O 16. Bc3 b5 {Threatens to win with ...b4.} 17. Ng4 h5 (17... Bxg4 $16 18. hxg4 Bxc3+ 19. bxc3 Nd5) 18. Ngh2 Bxc3+ 19. bxc3 Nc8 20. O-O Qe7 21. h4 Bg4 (21... Nb6 $142 22. Ng5 c4) 22. Nxg4 $18 hxg4 23. Ng5 f3 24. Qe3 ({Don't do} 24. gxf3 $6 gxf3 25. Nxf3 Rf4 $18) 24... Nd6 $2 (24... Nb6 {was called for.} 25. gxf3 gxf3 26. Nxf3 Rbe8) 25. Qxc5 {White is clearly winning.} fxg2 26. Kxg2 Rb7 27. Ra6 Nf5 28. Qxe7 Nxe7 29. Kg3 Rf6 30. Ra8+ Kg7 31. Rfa1 c5 32. R1a7 Rfb6 {[#]} 33. Ne6+ $1 {[%mdl 512]} Kf6 (33... Kf7 34. Nd8+) 34. Nxc5 Rxa7 35. Rxa7 Nc6 36. Rh7 Ne5 37. d4 {Weighted Error Value: White=0.07/Black=0.35} 1-0

[Event "EYCC Open U20 2021"]
[Site "Tornelo"]
[Date "2021.10.15"]
[Round "7.9"]
[White "Crevatin, Leo"]
[Black "Tryggestad, Andreas Garberg"]
[Result "0-1"]
[WhiteElo "2275"]
[BlackElo "2268"]
[Annotator "RC"]
[PlyCount "64"]
[EventDate "2021.10.15"]
[EventType "swiss"]
[EventCountry "NET"]
[SourceTitle "playchess.com"]
[Source "ChessBase"]
[SourceQuality "1"]
[TimeControl "5400+30"]

1. d4 {[%emt 0:00:30]} Nf6 {[%emt 0:00:35]} 2. c4 {[%emt 0:00:18]} g6 {[%emt 0:00:07]} 3. f3 {[%emt 0:00:26]} c5 {[%emt 0:00:06]} 4. d5 {[%emt 0:00:26]} Bg7 {[%emt 0:00:04]} 5. e4 {[%emt 0:00:36]} d6 {[%emt 0:00:05]} 6. Ne2 {[%emt 0:00:59]} e6 {[%emt 0:00:28]} 7. Nec3 {[%emt 0:01:53]} a6 {[%emt 0:00:18]} 8. a4 {[%emt 0:00:26]} Nh5 {[%emt 0:00:39]} 9. Be3 {[%emt 0:03:58]} f5 {[%emt 0:00:40]} 10. Nd2 {[%emt 0:12:59]} O-O {[%emt 0:02:56]} 11. Bd3 {[%emt 0:04:13]} Qh4+ {[%emt 0:25:08]} 12. g3 {[%emt 0:12:03]} Nxg3 {[%emt 0:16:50]} 13. Bf2 {[%emt 0:00:45]} f4 {[%emt 0:00:06]} 14. Ne2 {[%emt 0:09:16]} Be5 {[%emt 0:06:00]} 15. Nf1 {[%emt 0:10:28]} Qh6 {[%emt 0:10:12]} 16. Nfxg3 {[%emt 0:14:47]} fxg3 {[%emt 0:00:06]} 17. Nxg3 {[%emt 0:01:04]} exd5 {[%emt 0:07:18]} 18. cxd5 {[%emt 0:03:08]} Bxb2 {[%emt 0:01:01]} 19. O-O {[%emt 0:03:53]} Bh3 {[%emt 0:00:47]} 20. Rb1 {[%emt 0:02:07]} Bxf1 {[%emt 0:01:23]} 21. Bxf1 {[%emt 0:00:58]} Qg7 {[%emt 0:03:21]} 22. Qb3 {[%emt 0:01:20]} Be5 {[%emt 0:03:45]} 23. Qxb7 {[%emt 0:02:18]} Nd7 {[%emt 0:02:22]} 24. Rd1 {[%emt 0:02:21]} Rab8 {[%emt 0:04:10]} 25. Qxa6 {[%emt 0:03:33]} Rxf3 {[%emt 0:00:05]} 26. Qe2 {[%emt 0:00:40]} Rbf8 {[%emt 0:02:31]} 27. Be3 {[%emt 0:02:14]} Bxg3 {[%emt 0:07:43]} 28. hxg3 {[%emt 0:00:20]} Rxg3+ {[%emt 0:00:02]} 29. Bg2 {[%emt 0:00:13]} Ne5 {[%emt 0:00:02]} 30. Bf2 {[%emt 0:02:45]} Ra3 {[%emt 0:02:22]} 31. Qb5 {[%emt 0:01:37]} Nf3+ {[%emt 0:01:30]} 32. Kf1 {[%emt 0:00:17]} Ra2 {[%emt 0:01:12]} 0-1

[Event "EYCC Open U20 2021"]
[Site "Tornelo"]
[Date "2021.10.15"]
[Round "7.10"]
[White "Pliukha, Myhajlo"]
[Black "Nordquelle, Daniel"]
[Result "1/2-1/2"]
[WhiteElo "2217"]
[BlackElo "2143"]
[Annotator "TA"]
[PlyCount "90"]
[EventDate "2021.10.15"]
[EventType "swiss"]
[EventCountry "NET"]
[SourceTitle "playchess.com"]
[Source "ChessBase"]
[SourceQuality "1"]

{[%evp 9,90,0,0,9,3,-5,0,-7,-7,-54,-45,-48,0,0,8,12,20,23,20,46,41,29,29,10,12,22,16,18,11,-29,-25,-31,-22,-17,-33,-106,-62,-220,-166,-180,378,351,358,237,239,239,239,239,239,239,239,239,236,0,0,0,0,0,0,0,0,0,0,0,0,0,0,0,0,0,0,0,0,0,0,0,0,0,0,0,0,0,0]} 1. e4 c5 2. d4 cxd4 3. Qxd4 Nc6 4. Qd3 Nf6 5. Nc3 e6 6. Nf3 {B21: Sicilian: 2 f4 and Morra Gambit.} a6 7. Be2 Qc7 8. O-O b5 {[#]} 9. g3 $146 ({Predecessor:} 9. a3 Bb7 10. Bg5 Ng4 11. h3 Nge5 12. Nxe5 Nxe5 13. Qd2 Nc4 14. Bxc4 Qxc4 15. Rfd1 {0-1 (66) Zavgorodnya,O-Jakivchik,M Ilichevsk 2000}) 9... Bb7 10. a3 b4 (10... h6 $15) 11. axb4 $11 Nxb4 12. Qd1 Nxe4 13. Nxe4 Bxe4 14. c3 {Bf4 is the strong threat.} Nc6 15. Bf4 {[%mdl 1024] White has compensation.} Qb7 16. Nd2 Bf5 17. Bf3 Be7 18. Nc4 O-O 19. h4 d5 20. Ne3 {[%cal Re3f5]} Be4 21. Bxe4 dxe4 22. Ng4 ({White should try} 22. Qa4 $15) 22... Qb5 23. c4 $2 (23. Qa4 $1 $15) 23... Qxb2 24. Qd7 Rfc8 {[%mdl 8192] [#]} (24... Rac8 $19 {aiming for ...Rfd8.} 25. Rfb1 Qe2 26. Rxa6 {[#]} e5 $1) 25. Rxa6 $3 $18 {[%mdl 512]} Nd4 26. Rxa8 Rxa8 27. Qxe7 Nf3+ 28. Kg2 h5 29. Nh2 Qe2 30. Qb7 $1 {[%csl LRa8,LRf3]} Ra3 {And now ...Nxh2 would win.} 31. Qb8+ $2 (31. Qc8+ $18 Kh7 32. Qc5 (32. Nxf3 {is a self mate.} exf3+ 33. Kh2 Qxf1 34. Qg8+ Kxg8 35. Bg5 Qg2#) 32... Nxh2 33. Rb1 (33. Kxh2 Qxf1 34. Qxa3 Qxf2+ 35. Kh3 Qf1+ 36. Kh2 Qf2+ 37. Kh3 Qf1+ 38. Kh2 Qf2+ $11)) 31... Kh7 $11 {Hoping for ...Nxh2.The position is equal.} 32. Qb1 {Strongly threatening Nxf3.} (32. Nxf3 {gets mated.} exf3+ 33. Kh2 Qxf1 34. Qb1+ Qxb1 35. Bc1 Qxc1 36. g4 Qf4+ 37. Kh3 hxg4#) 32... e5 $36 {[%mdl 2048] Black is more active.} 33. Bg5 {Threatens to win with Nxf3.} f6 34. Bc1 Nxh2 $1 35. Kxh2 Rxg3 36. Kxg3 Qg4+ 37. Kh2 Qxh4+ 38. Kg1 Qg4+ 39. Kh1 Qh4+ 40. Kg1 Qg4+ 41. Kh2 Qh4+ 42. Kg2 Qg4+ 43. Kh1 Qh4+ 44. Kg2 Qg4+ 45. Kh2 Qh4+ {Blacks defense is rewarded with a draw.  Weighted Error Value: White=0.20/Black=0.27} 1/2-1/2

[Event "EYCC Open U20 2021"]
[Site "Tornelo"]
[Date "2021.10.15"]
[Round "8.1"]
[White "Murzin, Volodar"]
[Black "Bruaset, Eivind"]
[Result "1/2-1/2"]
[WhiteElo "2513"]
[BlackElo "2200"]
[Annotator "TA"]
[PlyCount "100"]
[EventDate "2021.10.15"]
[EventType "swiss"]
[EventCountry "NET"]
[SourceTitle "playchess.com"]
[Source "ChessBase"]
[SourceQuality "1"]

{[%evp 14,100,-13,-26,-14,-46,-29,-39,-17,-24,-23,-49,-20,-21,-22,-33,0,0,0,0,0,0,0,0,7,0,63,31,26,33,55,57,98,91,127,124,162,165,163,174,169,169,166,166,159,187,176,145,149,150,150,101,101,101,94,83,128,90,101,101,88,82,82,82,82,82,82,82,82,82,82,82,82,82,82,82,82,8,43,8,8,8,8,0,43,8,16,0,43]} 1. e4 e6 2. d3 d5 3. Nd2 Nf6 4. Ngf3 c5 5. c3 Nc6 6. Be2 Be7 7. O-O O-O 8. Re1 Qc7 {B40: Sicilian: 2...e6, Unusual lines.} 9. Qc2 b6 10. Nf1 Ba6 {Black is slightly better.} 11. Ng3 Rac8 12. Bf1 {[#]} dxe4 $146 ({Predecessor:} 12... Rfe8 13. e5 Nd7 14. Bf4 f5 15. Nxf5 exf5 16. e6 Qb7 17. exd7 Qxd7 18. Qa4 Nb8 {1-0 (52) Kaim,P (2172)-Rawski,S (2126) Jastrzebia Gora 2018}) 13. dxe4 Bxf1 14. Kxf1 Ng4 15. e5 Ngxe5 16. Nxe5 Nxe5 17. Bf4 f6 18. Bxe5 fxe5 19. Qe2 Rf6 ({Black should play} 19... Bf6 $11) 20. Rad1 Rd8 21. Rxd8+ Qxd8 22. Rd1 Qc7 {[#]} 23. Qb5 $1 {Strongly threatening Rd7.} Rf7 {[#]} 24. Qe8+ $1 Rf8 25. Qd7 Qxd7 26. Rxd7 Bh4 27. Rxa7 Bxg3 28. hxg3 $18 {[%mdl 4096] Endgame KR-KR} Rd8 29. Ke2 h5 30. Rb7 Rd6 31. a4 Kh7 32. Rb8 Kg6 33. Ke3 Kf5 34. Rb7 Kf6 35. Ke2 g6 36. Ke3 g5 37. b4 cxb4 38. cxb4 h4 39. gxh4 gxh4 40. a5 bxa5 41. bxa5 {Hoping for Rb1.} Rd4 42. a6 {And now a7 would win.} Ra4 43. a7 e4 44. Kd2 {Black must now prevent Kc3.} Ke5 45. Rd7 ({White should try} 45. Kc3 $16) 45... Ra3 $11 46. Ke2 Ra2+ 47. Ke3 Ra1 48. Kd2 Ra3 49. Rh7 Kd4 $1 50. Rd7+ Ke5 $1 {White really could win this.  Weighted Error Value: White=0.12/Black=0.10} 1/2-1/2